Miasta i wsie w powiecie myślenickim - Statystyki

Ogólne statystyki
  • Ten quiz został rozwiązany 10 razy
  • Średni wynik to 25 z 75
Statystyki odpowiedzi
Gmina Odpowiedź % Poprawnych
Dobczyce Dobczyce
100%
Siepraw Siepraw
100%
Myślenice Myślenice
88%
Tokarnia Tokarnia
88%
Wiśniowa Wiśniowa
88%
Lubień Lubień
75%
Pcim Pcim
75%
Raciechowice Raciechowice
75%
Sułkowice Sułkowice
75%
Myślenice Jawornik
63%
Pcim Stróża
63%
Myślenice Bysina
50%
Siepraw Czechówka
50%
Myślenice Głogoczów
50%
Sułkowice Krzywaczka
50%
Dobczyce Rudnik
50%
Sułkowice Rudnik
50%
Tokarnia Skomielna Czarna
50%
Siepraw Zakliczyn
50%
Myślenice Bęczarka
38%
Myślenice Borzęta
38%
Dobczyce Brzączowice
38%
Raciechowice Czasław
38%
Myślenice Droginia
38%
Myślenice Jasienica
38%
Myślenice Krzyszkowice
38%
Myślenice Osieczany
38%
Myślenice Polanka
38%
Lubień Skomielna Biała
38%
Wiśniowa Wierzbanowa
38%
Tokarnia Zawadka
38%
Tokarnia Bogdanówka
25%
Raciechowice Dabię
25%
Dobczyce Dziekanowice
25%
Wiśniowa Glichów
25%
Dobczyce Kornatka
25%
Tokarnia Krzczonów
25%
Myślenice Łęki
25%
Wiśniowa Lipnik
25%
Siepraw Łyczanka
25%
Dobczyce Niezdów
25%
Dobczyce Nowa Wieś
25%
Myślenice Poręba
25%
Wiśniowa Poznachowice Dolne
25%
Raciechowice Poznachowice Górne
25%
Dobczyce Sieraków
25%
Dobczyce Skrzynka
25%
Dobczyce Stadniki
25%
Dobczyce Stojowice
25%
Pcim Trzebunia
25%
Myślenice Trzemeśnia
25%
Wiśniowa Węglówka
25%
Myślenice Zawada
25%
Dobczyce Bieńkowice
13%
Sułkowice Biertowice
13%
Dobczyce Brzezowa
13%
Myślenice Bulina
13%
Raciechowice Gruszów
13%
Raciechowice Kawec
13%
Wiśniowa Kobielnik
13%
Raciechowice Krzesławice
13%
Raciechowice Krzyworzeka
13%
Raciechowice Sawa
13%
Tokarnia Więciórka
13%
Myślenice Zasań
13%
Raciechowice Zegartowice
13%
Raciechowice Bojańczyce
0%
Sułkowice Harburtowice
0%
Dobczyce Kędzierzynka
0%
Raciechowice Komorniki
0%
Lubień Krzeczów
0%
Raciechowice Kwapinka
0%
Raciechowice Mierzeń
0%
Lubień Tenczyn
0%
Raciechowice Żerosławice
0%
Nie znaleziono quizów pasujących do podanych kryteriów
Rozkład punktacji
Procent ludzi z każdym wynikiem
Percentyl według liczby udzielonych odpowiedzi
Twoja historia wyników
Nie rozwiązałeś tego quizu